Histología veterinaria /
Guardado en:
| Autor Principal: | |
|---|---|
| Formato: | Libro |
| Publicado: |
Río Cuarto, Universidad Nacional de Río Cuarto,
1999.
|
| Materias: | |
| Etiquetas: |
Agregar Etiqueta
Sin Etiquetas, Sea el primero en etiquetar este registro!
|
| LEADER | 00617nam a22001935a 4500 | ||
|---|---|---|---|
| 001 | CEM.cems018127 | ||
| 005 | 20131120160240.0 | ||
| 008 | 130507s1999##################000#0#####d | ||
| 003 | CEMS | ||
| 020 | |a 9506651361 | ||
| 082 | 0 | 4 | |a 591.1 |
| 100 | 1 | |a Cruz, Jorge de la | |
| 245 | 1 | 0 | |a Histología veterinaria / |c Jorge de La Cruz, Pascual Dauría, Rosa Castagnino y Nora Ibañez |
| 260 | |a Río Cuarto, Universidad Nacional de Río Cuarto, |c 1999. | ||
| 300 | |a 154 p. | ||
| 653 | |a Histología | ||
| 653 | |a Histología-atlas | ||
| 653 | |a Histología veterinaria | ||
| 859 | |a CEMS |b BIB. CEMS - Agricultura |h 591.1 |i C889 |p A0446.02 |t Ej.1 | ||
